Les pays européens les plus âgés en 2080 - Statistiques

Statistiques générales
  • Ce quiz a été pris 55 fois
  • Le résultat moyen est 7 sur 9
Statistiques - réponses
Hint Réponse % Correct
31,3 Italie
93%
32,5 Allemagne
85%
31,1 Grèce
76%
35,7 Portugal
76%
30,3 Autriche
71%
32,3 Pologne
71%
30,4 Croatie
67%
29,7 Bulgarie
60%
35,9 Slovaquie
58%
Aucun quiz correspondant
Distribution des résultats
% des personnes avec chaque résultat
Percentile par nombre de réponses
Votre historique - résultats
Vous n’avez pas pris ce quiz